Sélection de Tuiles - Géographie - Statistiques

Statistiques générales
  • Ce quiz a été pris 34 818 fois
  • Le résultat moyen est 57 sur 68
Statistiques - réponses
Question Tuile Select % Correct
les capitales européennes Paris Oui
99%
les capitales européennes Odessa Non
98%
les capitales européennes Saratov Non
98%
les capitales européennes Valence Non
98%
les capitales européennes Francfort Non
97%
les capitales européennes Londres Oui
97%
les états des États-Unis Cuba Non
96%
les capitales européennes Dublin Oui
96%
les états des États-Unis Guam Non
96%
les états des États-Unis Alabama Oui
94%
les pays dont le drapeau contient du rouge Japon Oui
94%
les capitales européennes Kiev Oui
94%
les capitales européennes Oslo Oui
94%
les capitales européennes Prague Oui
94%
les états des États-Unis Alaska Oui
93%
les capitales européennes Copenhague Oui
93%
les pays dont le drapeau contient du rouge Irlande Non
93%
les capitales européennes Moscou Oui
93%
les pays dont le drapeau contient du rouge Suisse Oui
93%
les capitales européennes Milan Non
92%
les états des États-Unis Mississippi Oui
92%
les états des États-Unis Porto Rico Non
92%
les pays dont le drapeau contient du rouge Inde Non
91%
les pays dont le drapeau contient du rouge Uruguay Non
91%
les états des États-Unis Arkansas Oui
90%
les états des États-Unis Los Angeles Non
90%
les états des États-Unis Indiana Oui
89%
les états des États-Unis Oklahoma Oui
89%
les capitales européennes Barcelone Non
88%
les pays dont le drapeau contient du rouge Italie Oui
88%
les pays des Antilles Nauru Non
88%
les pays dont le drapeau contient du rouge Nigeria Non
88%
les pays des Antilles Palaos Non
88%
les villes chinoises Wuhan Oui
88%
les pays des Antilles Cap-Vert Non
87%
les états des États-Unis Miami Non
87%
les villes chinoises Bangkok Non
86%
les pays dont le drapeau contient du rouge Belgique Oui
85%
les pays dont le drapeau contient du rouge Bosnie-Herzégovine Non
85%
les états des États-Unis Hawaï Oui
85%
les pays dont le drapeau contient du rouge Pays-Bas Oui
85%
les pays dont le drapeau contient du rouge Somalie Non
85%
les pays des Antilles Comores Non
84%
les états des États-Unis Iowa Oui
84%
les pays des Antilles Antigua-et-Barbuda Oui
83%
les pays des Antilles Sainte-Lucie Oui
83%
les pays des Antilles Saint-Vincent-et-les-Grenadines Oui
83%
les villes chinoises Ansan Non
82%
les capitales européennes Belgrade Oui
82%
les pays des Antilles Haïti Oui
81%
les pays des Antilles Jamaïque Oui
81%
les pays des Antilles Seychelles Non
81%
les états des États-Unis Wyoming Oui
81%
les capitales européennes Ljubljana Oui
79%
les pays dont le drapeau contient du rouge Tanzanie Non
77%
les pays dont le drapeau contient du rouge Nouvelle-Zélande Oui
76%
les villes chinoises Xi'an Oui
76%
les pays des Antilles Grenade Oui
74%
les villes chinoises Da Nang Non
72%
les pays des Antilles Sao Tomé-et-Principe Non
72%
les pays dont le drapeau contient du rouge Bulgarie Oui
71%
les états des États-Unis Washington DC Non
70%
les villes chinoises Xiamen Oui
68%
les pays dont le drapeau contient du rouge Cameroun Oui
66%
les villes chinoises Canton Oui
59%
les pays dont le drapeau contient du rouge Papouasie-Nouvelle-Guinée Oui
57%
les villes chinoises Changwon Non
47%
les villes chinoises Shantou Oui
41%
Aucun quiz correspondant
Distribution des résultats
% des personnes avec chaque résultat
Percentile par nombre de réponses
Votre historique - résultats
Vous n’avez pas pris ce quiz